<?xml version="1.0" encoding="UTF-8"?>
<record
    xmlns:xsi="http://www.w3.org/2001/XMLSchema-instance"
    xsi:schemaLocation="http://www.loc.gov/MARC21/slim http://www.loc.gov/standards/marcxml/schema/MARC21slim.xsd"
    xmlns="http://www.loc.gov/MARC21/slim">

  <leader>03134nam a2200265Ia 4500</leader>
  <controlfield tag="003">OSt</controlfield>
  <controlfield tag="005">20211123162717.0</controlfield>
  <controlfield tag="008">210310s2011    ck     fr     000 0dspa d</controlfield>
  <datafield tag="020" ind1=" " ind2=" ">
    <subfield code="a">9789588726007</subfield>
  </datafield>
  <datafield tag="040" ind1=" " ind2=" ">
    <subfield code="a">CO-JMCR</subfield>
    <subfield code="c">CO-JMCR</subfield>
  </datafield>
  <datafield tag="041" ind1="0" ind2=" ">
    <subfield code="a">spa</subfield>
  </datafield>
  <datafield tag="082" ind1="0" ind2="4">
    <subfield code="a">338.91 /</subfield>
    <subfield code="b">S246t</subfield>
    <subfield code="2">23</subfield>
  </datafield>
  <datafield tag="100" ind1="1" ind2=" ">
    <subfield code="a">Sarmiento, Palacio Eduardo, </subfield>
    <subfield code="9">18258</subfield>
    <subfield code="e">autor</subfield>
  </datafield>
  <datafield tag="245" ind1="1" ind2="0">
    <subfield code="a">Transformaci&#xF3;n productiva y equidad : </subfield>
    <subfield code="b">despu&#xE9;s de la crisis / </subfield>
    <subfield code="c">Eduardo Sarmiento Palacio</subfield>
  </datafield>
  <datafield tag="250" ind1=" " ind2=" ">
    <subfield code="a">Primera edici&#xF3;n</subfield>
  </datafield>
  <datafield tag="260" ind1=" " ind2=" ">
    <subfield code="a">Bogot&#xE1; : </subfield>
    <subfield code="b">Escuela Colombiana de Ingenier&#xED;a Julio Garavito, </subfield>
    <subfield code="c">2011</subfield>
  </datafield>
  <datafield tag="300" ind1=" " ind2=" ">
    <subfield code="a">441 p&#xE1;ginas ; </subfield>
    <subfield code="c">23 cm.</subfield>
  </datafield>
  <datafield tag="500" ind1=" " ind2=" ">
    <subfield code="a">Incluye datos biogr&#xE1;ficos del autor.</subfield>
  </datafield>
  <datafield tag="504" ind1=" " ind2=" ">
    <subfield code="a">Bibliograf&#xED;a: p&#xE1;ginas 435-441</subfield>
  </datafield>
  <datafield tag="505" ind1="0" ind2=" ">
    <subfield code="a">La econom&#xED;a mundial luego de la recesi&#xF3;n del 2008 -- La macroeconom&#xED;a -- Motor de crecimiento -- Comercio internacional y empleo -- Distribuci&#xF3;n del ingreso -- Implicaciones te&#xF3;ricas de la crisis mundial -- Resumen y modelo alternativo</subfield>
  </datafield>
  <datafield tag="520" ind1="3" ind2=" ">
    <subfield code="a">Sin ambages, el autor sostiene que en los &#xFA;ltimos veinticinco a&#xF1;os el crecimiento y la distribuci&#xF3;n del ingreso retrocedieron en la mayor&#xED;a de los pa&#xED;ses, con respecto a las d&#xE9;cadas pasadas. La crisis de Asia en 1997. as&#xED; como la de Am&#xE9;rica Latina en los noventa y en lo corrido de la presente d&#xE9;cada, e incluso las de Estados Unidos y Europa en los &#xFA;ltimos a&#xF1;os, son el resultado de teor&#xED;as e instituciones inadecuadas.
A lo largo del libro se cuestionan seriamente las proposiciones dominantes de equilibrio monetario y financiero, las ventajas comparativas, la igualdad en las productividades y en los diferentes sectores, el crecimiento guiado por la tecnolog&#xED;a y la separaci&#xF3;n entre el crecimiento y la distribuci&#xF3;n del ingreso. En abierta discrepancia, Eduardo Sarmiento avanza en una serie de axiomas que cobran actualidad nacional e internacional: el mercado monetario no opera en equilibrio y el sector financiero es estructuralmente inestable: las ofertas y las demandas no tienden a igualarse; los sectores mas din&#xE1;micos como la industria, la agricultura y la construcci&#xF3;n son limitados por la demanda efectiva, en tanto el resto, como los servicios, la miner&#xED;a y la infraestructura de grandes proyectos, son limitados por la oferta. La transformaci&#xF3;n productiva es una condici&#xF3;n necesaria para mejorar la distribuci&#xF3;n del ingreso.
El gran reto consiste en construir una estructura productiva que mejore considerablemente la distribuci&#xF3;n del ingreso y una pol&#xED;tica social, guiada por la equidad, que la consolide. En t&#xE9;rminos generales, se plantea una transformaci&#xF3;n productiva que modere la rentabilidad del capital, aumente la participaci&#xF3;n de la mano de obra en el PIB, reduzca las brechas entre los trabajadores calificados y no calificados y extirpe la informalidad. Adicionalmente, se requiere una pol&#xED;tica social guiada por la equidad que propicie la educaci&#xF3;n integrada, asegure la universalidad de la salud especializada y garantice el acceso de todos los trabajadores a la pensi&#xF3;n m&#xED;nima.</subfield>
  </datafield>
  <datafield tag="650" ind1="1" ind2="4">
    <subfield code="a">Desarrollo econ&#xF3;mico</subfield>
    <subfield code="9">18260</subfield>
  </datafield>
  <datafield tag="650" ind1="2" ind2="4">
    <subfield code="a">La distribuci&#xF3;n del ingreso</subfield>
    <subfield code="9">40844</subfield>
  </datafield>
  <datafield tag="942" ind1=" " ind2=" ">
    <subfield code="2">ddc</subfield>
    <subfield code="c">BK</subfield>
  </datafield>
  <datafield tag="999" ind1=" " ind2=" ">
    <subfield code="c">8777</subfield>
    <subfield code="d">8777</subfield>
  </datafield>
  <datafield tag="952" ind1=" " ind2=" ">
    <subfield code="0">0</subfield>
    <subfield code="1">0</subfield>
    <subfield code="2">ddc</subfield>
    <subfield code="4">0</subfield>
    <subfield code="7">0</subfield>
    <subfield code="8">NFIC</subfield>
    <subfield code="a">CPL</subfield>
    <subfield code="b">CPL</subfield>
    <subfield code="d">2018-04-15</subfield>
    <subfield code="e">Donaci&#xF3;n</subfield>
    <subfield code="o">338.91 / S246t</subfield>
    <subfield code="p">430004959</subfield>
    <subfield code="r">2024-05-16 00:00:00</subfield>
    <subfield code="t">Ej.1</subfield>
    <subfield code="y">BK</subfield>
  </datafield>
</record>
